La ira de Pedro y los otros
Збережено в:
| Автор: | |
|---|---|
| Формат: | Книга |
| Мова: | Іспанська |
| Опубліковано: |
Santiago
Planeta
1988
|
| Серія: | Espejo de Chile, 1
|
| Предмети: | |
| Теги: |
Додати тег
Немає тегів, Будьте першим, хто поставить тег для цього запису!
|
MARC
| LEADER | 00000nam a2200000 a 4500 | ||
|---|---|---|---|
| 001 | UCX4394 | ||
| 003 | CL-VaPUC | ||
| 008 | 920504e19880000CL |||||||||||||||||spa|d | ||
| 082 | 0 | 4 | |a 303.62 |b POL |2 21 |
| 100 | 0 | |a Politzer, Patricia |e author |9 320547 | |
| 245 | 1 | 3 | |a La ira de Pedro y los otros |
| 300 | |a 170 p | ||
| 942 | |c BK | ||
| 945 | |d 19920504 00:00:00 | ||
| 260 | |a Santiago |b Planeta |c 1988 | ||
| 650 | 7 | |a RESISTENCIA CIVIL RELATOS PERSONALES 1980- |2 CL-VaPUC |9 320548 | |
| 651 | 7 | |a CHILE |2 CL-VaPUC |9 320549 | |
| 583 | |a last modification |c 19920504 00:00:00 |k Rodrigo Vera | ||
| 490 | 0 | |a Espejo de Chile, 1 | |
| 999 | |c 224860 |d 224858 | ||
| 952 | |0 0 |1 0 |4 0 |6 303_620000000000000_POL_1988 |7 0 |8 A |9 221865 |a BIBGIM |b BIBGIM |d 2019-11-15 |i 290747K |o 303.62 POL 1988 |p 290747K |r 2025-01-15 |w 2019-11-15 |y BK |k SSL | ||
| 952 | |0 0 |1 0 |4 0 |6 303_620000000000000_POL_1988 |7 0 |8 A |9 221866 |a BIBGIM |b BIBGIM |d 2019-11-15 |i 2907488 |o 303.62 POL 1988 |p 2907488 |r 2025-01-15 |w 2019-11-15 |y BK |k SSL | ||